[Event "Gibtelecom Masters 8th"]
[Site "Gibraltar"]
[Date "2010.01.26"]
[Round "1.2"]
[White "Movsesian, Sergei"]
[Black "Peek, Marcel"]
[Result "1-0"]
[WhiteElo "2708"]
[BlackElo "2342"]
[PlyCount "83"]
[EventDate "2010.01.26"]
[EventType "swiss"]
[EventRounds "10"]
[EventCountry "GGB"]
[SourceDate "2005.02.07"]

1. e4 c5 2. Nf3 d6 3. d4 cxd4 4. Nxd4 Nf6 5. Nc3 Nc6 6. h3 e5 7. Nde2 Be6 8. f4
Rc8 9. g3 Be7 10. Bg2 Qb6 11. b3 O-O 12. f5 Bd7 13. Na4 Qc7 14. c4 b5 15. cxb5
Nd4 16. Nec3 Bxb5 17. Nxb5 Nxb5 18. Bd2 d5 19. exd5 e4 20. O-O Nxd5 21. Qe1
Rfe8 22. Rc1 Qb8 23. Rc4 Bd6 24. g4 Bg3 25. Rxc8 Rxc8 26. Qxe4 Nbc3 27. Nxc3
Nxc3 28. Qf3 Qe5 29. Kh1 Ne2 30. Qe4 Rd8 31. Be3 Qxe4 32. Bxe4 Re8 33. Kg2 Rxe4
34. Kf3 Bc7 35. Kxe4 Ng3+ 36. Kd5 Nxf1 37. Bxa7 h5 38. b4 hxg4 39. hxg4 Nh2 40a4 Nxg4 41. a5 Ne5 42. a6 1-0

[Event "Gibtelecom Masters 8th"]
[Site "Gibraltar"]
[Date "2010.01.26"]
[Round "1.3"]
[White "Lovik, Lasse Ostebo"]
[Black "Vallejo Pons, Francisco"]
[Result "0-1"]
[WhiteElo "2343"]
[BlackElo "2705"]
[PlyCount "56"]
[EventDate "2010.01.26"]
[EventType "swiss"]
[EventRounds "10"]
[EventCountry "GGB"]
[SourceDate "2005.02.07"]

1. e4 e5 2. Nf3 Nc6 3. d4 exd4 4. Nxd4 Bb4+ 5. c3 Bc5 6. Be3 Bb6 7. Nd2 Nf6 8Bc4 O-O 9. Nxc6 bxc6 10. Bxb6 axb6 11. O-O d5 12. Bd3 Bg4 13. Qc2 dxe4 14. Nxe4
Nd5 15. Ng3 g6 16. Rfe1 Nf4 17. Be4 Qf6 18. h3 Bd7 19. a3 Rad8 20. Rad1 c5 21Rd2 Ba4 22. Qc1 h5 23. Rxd8 Rxd8 24. Qe3 Re8 25. Qc1 h4 26. Nh1 Qg5 27. Bf3
Nxh3+ 28. Kh2 Rxe1 0-1

[Event "Gibtelecom Masters 8th"]
[Site "Gibraltar"]
[Date "2010.01.26"]
[Round "1.4"]
[White "Adams, Michael"]
[Black "Reizniece, Dana"]
[Result "1-0"]
[WhiteElo "2694"]
[BlackElo "2341"]
[PlyCount "57"]
[EventDate "2010.01.26"]
[EventType "swiss"]
[EventRounds "10"]
[EventCountry "GGB"]
[SourceDate "2005.02.07"]

1. e4 d6 2. d4 Nf6 3. Nc3 g6 4. h3 c6 5. g4 h5 6. g5 Nfd7 7. f4 Bg7 8. Nf3 b5
9. Bg2 b4 10. Ne2 d5 11. f5 Nf8 12. Nh4 dxe4 13. O-O gxf5 14. Nxf5 Bxf5 15Rxf5 Ng6 16. Bxe4 Qd7 17. Qd3 e6 18. Rf2 Ne7 19. Bd2 a5 20. Raf1 Rf8 21. c3 Na6
22. Ng3 h4 23. Nh5 Bh8 24. g6 f5 25. g7 Bxg7 26. Nxg7+ Kd8 27. Rg2 Kc7 28. Qc4
Nd5 29. Bxd5 1-0

[Event "Gibtelecom Masters 8th"]
[Site "Gibraltar"]
[Date "2010.01.26"]
[Round "1.5"]
[White "Dittmar, Peter"]
[Black "Kamsky, Gata"]
[Result "0-1"]
[WhiteElo "2341"]
[BlackElo "2693"]
[PlyCount "140"]
[EventDate "2010.01.26"]
[EventType "swiss"]
[EventRounds "10"]
[EventCountry "GGB"]
[SourceDate "2005.02.07"]

1. c4 g6 2. g3 Bg7 3. Bg2 Nf6 4. Nc3 O-O 5. Nf3 c6 6. O-O d5 7. cxd5 cxd5 8. d4
Qb6 9. Ne5 e6 10. Na4 Qb5 11. b3 Nfd7 12. Ba3 Re8 13. Nxd7 Bxd7 14. Bb2 Na6 15Qd2 Qb4 16. Bc3 Qd6 17. Nb2 Rac8 18. Rfc1 Rc7 19. Nd3 Bb5 20. Nf4 Rec8 21. a4
Be8 22. e3 Qb6 23. Qb2 Bf8 24. Nd3 Nb4 25. Bxb4 Bxb4 26. Rxc7 Rxc7 27. Rc1 Bd6
28. Rxc7 Qxc7 29. Bf1 f6 30. Bh3 Bf7 31. Nf4 e5 32. Ne2 Kf8 33. Qc3 Qxc3 34Nxc3 Bb4 35. Na2 Ba3 36. Bc8 b6 37. Bb7 exd4 38. exd4 Bb2 39. Nb4 a5 40. Nxd5
Bxd4 41. Kf1 g5 42. Ke2 f5 43. h3 Be6 44. f3 h5 45. f4 g4 46. hxg4 fxg4 47. Bc6
Bc5 48. Bb7 Kg7 49. Bc6 Kh6 50. Kf1 h4 51. gxh4 Kh5 52. Kg2 Kxh4 53. Nf6 Bxb3
54. Ne4 Be6 55. Ng3 Bc8 56. Ne4 Ba3 57. Nf6 Bd6 58. Nd5 g3 59. Nxb6 Bh3+ 60Kh1 Bxf4 61. Nc4 Bc7 62. Ne3 Kg5 63. Ng2 Bb6 64. Ne1 Kf4 65. Ng2+ Ke5 66. Ne1
Bc7 67. Nc2 Kd6 68. Bf3 Kc5 69. Ne3 Bd7 70. Kg2 Bxa4 0-1

[Event "Gibtelecom Masters 8th"]
[Site "Gibraltar"]
[Date "2010.01.26"]
[Round "1.6"]
[White "Fressinet, Laurent"]
[Black "Zozulia, Anna"]
[Result "1-0"]
[WhiteElo "2670"]
[BlackElo "2321"]
[PlyCount "91"]
[EventDate "2010.01.26"]
[EventType "swiss"]
[EventRounds "10"]
[EventCountry "GGB"]
[SourceDate "2005.02.07"]

1. e4 g6 2. d4 Bg7 3. Nf3 d6 4. Bc4 c6 5. Bb3 Nf6 6. Qe2 e5 7. c3 Qe7 8. Nbd2
O-O 9. O-O Nh5 10. Re1 Nf4 11. Qf1 Ne6 12. dxe5 dxe5 13. Nc4 Nc5 14. Bc2 Bg4
15. Nfd2 b5 16. Na5 Bh6 17. b4 Nb7 18. Ndb3 Bxc1 19. Rexc1 Nxa5 20. Nxa5 a6 21a4 Be6 22. Rd1 Rc8 23. Qd3 Ra7 24. Qe3 Kg7 25. Bb3 Bxb3 26. Nxb3 Rd7 27. Rxd7
Nxd7 28. Qa7 Qd6 29. Qxa6 Rd8 30. h3 bxa4 31. Qxa4 c5 32. Na5 cxb4 33. cxb4 Nb6
34. Qb5 Rc8 35. Rf1 Rc2 36. Nb7 Qd4 37. Nc5 Nc4 38. Qe8 Nd2 39. Qe7 Rxc5 40Qxc5 Qxe4 41. Rd1 Qe2 42. Qc1 Nb3 43. Qb1 Nd4 44. Re1 Qb5 45. Qe4 f6 46. Ra1
1-0

[Event "Gibtelecom Masters 8th"]
[Site "Gibraltar"]
[Date "2010.01.26"]
[Round "1.7"]
[White "Wantiez, Fabrice"]
[Black "Fridman, Daniel"]
[Result "0-1"]
[WhiteElo "2315"]
[BlackElo "2654"]
[PlyCount "72"]
[EventDate "2010.01.26"]
[EventType "swiss"]
[EventRounds "10"]
[EventCountry "GGB"]
[SourceDate "2005.02.07"]

1. e4 c6 2. Nc3 d5 3. Nf3 Bg4 4. h3 Bxf3 5. Qxf3 e6 6. a3 Nf6 7. d3 Nbd7 8. g4
h6 9. Qg3 Qb8 10. f4 dxe4 11. dxe4 e5 12. f5 b5 13. Bd3 Bc5 14. Qg2 Qb6 15. a4
Be3 16. axb5 Bxc1 17. Rxc1 cxb5 18. Ke2 b4 19. Na4 Qc6 20. b3 Nb6 21. Nxb6 axb6
22. Kf3 O-O 23. g5 Nh5 24. Qd2 Nf4 25. Qxb4 hxg5 26. h4 Rfd8 27. hxg5 Nxd3 28cxd3 Rxd3+ 29. Kg4 Qb7 30. Rcd1 Qd7 31. Qe1 Ra2 32. Qf1 Rxd1 33. Qxd1 Rg2+ 34Kf3 Rd2 35. Qf1 Qd4 36. Qc4 Qf2+ 0-1

[Event "Gibtelecom Masters 8th"]
[Site "Gibraltar"]
[Date "2010.01.26"]
[Round "1.8"]
[White "Gustafsson, Jan"]
[Black "Andre, Gordon"]
[Result "1-0"]
[WhiteElo "2627"]
[BlackElo "2308"]
[PlyCount "181"]
[EventDate "2010.01.26"]
[EventType "swiss"]
[EventRounds "10"]
[EventCountry "GGB"]
[SourceDate "2005.02.07"]

1. d4 d5 2. c4 c6 3. Nf3 Nf6 4. Nc3 e6 5. Bg5 dxc4 6. a4 Bb4 7. e4 Qa5 8. Bd2
c5 9. Bxc4 O-O 10. dxc5 Qxc5 11. Qe2 Nc6 12. O-O e5 13. Nd5 Bg4 14. Bxb4 Nxb4
15. Nxf6+ gxf6 16. Rfc1 Qe7 17. h3 Bxf3 18. Qxf3 Nc6 19. Qh5 Nd4 20. Rc3 Kh8
21. Kh1 Rac8 22. Rac1 Rc7 23. Rg3 Rg8 24. Rxg8+ Kxg8 25. Rc3 Kh8 26. Kh2 Rc6
27. Bxf7 Rxc3 28. bxc3 Ne6 29. Bxe6 Qxe6 30. Qd1 Qc6 31. Qd5 Qc7 32. c4 Kg7 33c5 Kg6 34. Kg3 h5 35. Qg8+ Kh6 36. Qf8+ Kg6 37. Kh4 Qc6 38. Qg8+ Kh6 39. Qh8+
Kg6 40. Qxh5+ Kg7 41. Qg4+ Kf7 42. Kh5 Qxa4 43. Qg6+ Ke6 44. Qf5+ Ke7 45. Qh7+
Ke6 46. Qxb7 Qe8+ 47. Kg4 Qg6+ 48. Kf3 Qh5+ 49. Ke3 Qg5+ 50. Ke2 Qxg2 51. Qa6+
Kf7 52. Qxa7+ Kg6 53. Qa8 Qh1 54. Qd5 Qc1 55. c6 Qc2+ 56. Kf3 Qc1 57. h4 Kh6
58. Ke2 Kg6 59. h5+ Kxh5 60. Qf7+ Kg4 61. Qe6+ Kh5 62. Qf5+ Kh4 63. Qxf6+ Kh3
64. Qf5+ Kh4 65. Qxe5 Qc4+ 66. Ke3 Qxc6 67. Kf3 Qc2 68. Qf6+ Kh5 69. Qf5+ Kh6
70. Kg3 Qb1 71. Kg2 Qb7 72. Qe6+ Kg7 73. f4 Qb1 74. f5 Qb2+ 75. Kf3 Qd4 76. Qd5
Qa1 77. Kf4 Kf8 78. Qd6+ Kf7 79. Qc7+ Kf8 80. Kg5 Qg1+ 81. Kf6 Qd4+ 82. e5 Qh4+
83. Ke6 Qh6+ 84. f6 Qh3+ 85. Kd6 Qd3+ 86. Kc6 Qc4+ 87. Kd7 Qb5+ 88. Kc8 Qa6+
89. Kd8 Qa8+ 90. Qc8 Qa7 91. e6 1-0

[Event "Gibtelecom Masters 8th"]
[Site "Gibraltar"]
[Date "2010.01.26"]
[Round "1.9"]
[White "Forsaa, Espen"]
[Black "Sandipan, Chanda"]
[Result "0-1"]
[WhiteElo "2301"]
[BlackElo "2622"]
[PlyCount "106"]
[EventDate "2010.01.26"]
[EventType "swiss"]
[EventRounds "10"]
[EventCountry "GGB"]
[SourceDate "2005.02.07"]

1. e4 c5 2. Nf3 d6 3. d4 cxd4 4. Nxd4 Nf6 5. Nc3 a6 6. Be2 e6 7. O-O Be7 8. Be3
O-O 9. g4 Nc6 10. g5 Nd7 11. f4 Nxd4 12. Qxd4 b5 13. Rad1 Bb7 14. h4 Qc7 15. a3
Rad8 16. Qd2 d5 17. e5 d4 18. Bxd4 Nxe5 19. Qe3 Qc6 20. Ne4 Qxe4 21. Qxe4 Bxe4
22. Bxe5 f6 23. Bc3 Bxc2 24. Rxd8 Rxd8 25. Re1 Bf5 26. Kg2 h6 27. gxh6 gxh6 28Bf3 Kf7 29. Bh5+ Kg7 30. Kf3 Bc5 31. Kg2 Rd3 32. Rd1 Be4+ 33. Kh2 Rxd1 34. Bxd1
Bf2 35. h5 Bc5 36. Kg3 Bd6 37. Bf3 Bxf3 38. Kxf3 Kf7 39. Ke4 f5+ 40. Kf3 Be7
41. Bd2 Ke8 42. Ke3 Bf6 43. b3 e5 44. Bb4 e4 45. a4 bxa4 46. bxa4 Bg7 47. Bc5
Kd7 48. Bb6 Kc6 49. Bd8 Kc5 50. Be7+ Kc4 51. Bd8 Bb2 52. Kd2 Bc3+ 53. Ke2 a5
0-1

[Event "Gibtelecom Masters 8th"]
[Site "Gibraltar"]
[Date "2010.01.26"]
[Round "1.11"]
[White "Edouard, Romain"]
[Black "Videnova, Iva"]
[Result "1-0"]
[WhiteElo "2608"]
[BlackElo "2301"]
[PlyCount "67"]
[EventDate "2010.01.26"]
[EventType "swiss"]
[EventRounds "10"]
[EventCountry "GGB"]
[SourceDate "2005.02.07"]

1. e4 c5 2. Nf3 Nc6 3. Bb5 Nf6 4. Nc3 g6 5. h3 Bg7 6. e5 Ng8 7. Bxc6 dxc6 8. d3
Nh6 9. g4 Qb6 10. Qe2 O-O 11. b3 f5 12. g5 Nf7 13. Bb2 Nd8 14. O-O-O Ne6 15. h4
Qc7 16. Rde1 b6 17. Qe3 a5 18. h5 Bd7 19. Nh4 gxh5 20. g6 Be8 21. Rhg1 h6 22f4 Nd4 23. Nf3 Ne6 24. Rg2 a4 25. Nxa4 Rxa4 26. bxa4 Qa7 27. d4 Qxa4 28. Qb3
Qxb3 29. axb3 Nxf4 30. Rg3 cxd4 31. Nxd4 h4 32. Rf3 Nxg6 33. Ne6 Bd7 34. Nxg7
1-0

[Event "Gibtelecom Masters 8th"]
[Site "Gibraltar"]
[Date "2010.01.26"]
[Round "1.12"]
[White "Perez Pardo, Juan Carlos"]
[Black "Istratescu, Andrei"]
[Result "0-1"]
[WhiteElo "2297"]
[BlackElo "2607"]
[PlyCount "72"]
[EventDate "2010.01.26"]
[EventType "swiss"]
[EventRounds "10"]
[EventCountry "GGB"]
[SourceDate "2005.02.07"]

1. d4 Nf6 2. Nf3 d5 3. g3 c6 4. Bg2 Bf5 5. O-O e6 6. b3 Nbd7 7. Nbd2 Ne4 8. Bb2
Be7 9. Ne5 Nxd2 10. Qxd2 Nxe5 11. dxe5 Qb6 12. Bd4 c5 13. Be3 Qc7 14. c4 d4 15Bf4 h6 16. e4 Bg4 17. f3 Bh5 18. g4 g5 19. Bg3 Bg6 20. f4 gxf4 21. Bxf4 h5 22g5 h4 23. Bf3 O-O-O 24. Kh1 Bf8 25. h3 Bg7 26. Qh2 d3 27. Rad1 Rd4 28. Rfe1
Rhd8 29. Rd2 a6 30. Kg1 b5 31. cxb5 axb5 32. Qf2 Bxe5 33. Bxe5 Qxe5 34. Kf1
Qxg5 35. Rc1 R8d7 36. Ke1 Bxe4 0-1

[Event "Gibtelecom Masters 8th"]
[Site "Gibraltar"]
[Date "2010.01.26"]
[Round "1.13"]
[White "Lopez Martinez, Josep Manu"]
[Black "Stebbings, Anthony J"]
[Result "1/2-1/2"]
[WhiteElo "2593"]
[BlackElo "2290"]
[PlyCount "145"]
[EventDate "2010.01.26"]
[EventType "swiss"]
[EventRounds "10"]
[EventCountry "GGB"]
[SourceDate "2005.02.07"]

1. e4 c5 2. Nf3 e6 3. d4 cxd4 4. Nxd4 Nc6 5. Nc3 Qc7 6. Be3 a6 7. Qd2 Nf6 8O-O-O Bb4 9. f3 O-O 10. g4 b5 11. g5 Ne8 12. a3 Be7 13. Nxc6 Qxc6 14. h4 b4 15axb4 Bxb4 16. h5 Rb8 17. Qd4 d6 18. Qc4 Qb7 19. Qa2 Nc7 20. Nb1 Qc6 21. Qc4 Qb7
22. Qb3 Qc6 23. Qd3 a5 24. Qc4 Qb7 25. Qa2 Qc6 26. Bd3 e5 27. Bc4 Be6 28. Bd5
Bxd5 29. exd5 Qb5 30. Rh2 Bc5 31. Bxc5 Qxc5 32. Qa3 Na6 33. Qxc5 Nxc5 34. Na3
Rb4 35. c3 Rf4 36. Nb5 Rd8 37. Rh3 Kf8 38. Kc2 a4 39. Na7 Rb8 40. Nc6 Rb3 41Ra1 Rf5 42. g6 fxg6 43. hxg6 hxg6 44. Na5 Rb6 45. Nc4 Ra6 46. Rg1 Kf7 47. Rhg3
Rf6 48. Rh1 Ra8 49. Rh4 Re8 50. Nd2 Rf4 51. Rxf4+ exf4 52. Rg4 g5 53. Rxg5 Kf6
54. Rg2 Re5 55. c4 Re3 56. Rh2 Ke5 57. Rg2 Nb3 58. Rxg7 Kd4 59. Ne4 Kxc4 60Nxd6+ Kxd5 61. Ne4 Nd4+ 62. Kd1 Rxf3 63. Nc3+ Kc4 64. Nxa4 Rf1+ 65. Kd2 Rf2+
66. Ke1 Re2+ 67. Kf1 f3 68. Rc7+ Kb4 69. Rc3 Kxa4 70. Rc4+ Kb3 71. Rxd4 Kxb2
72. Rd3 Rc2 73. Rxf3 1/2-1/2

[Event "Gibtelecom Masters 8th"]
[Site "Gibraltar"]
[Date "2010.01.26"]
[Round "1.14"]
[White "Getz, Nicolai"]
[Black "Gopal, Geetha Narayanan"]
[Result "0-1"]
[WhiteElo "2280"]
[BlackElo "2584"]
[PlyCount "70"]
[EventDate "2010.01.26"]
[EventType "swiss"]
[EventRounds "10"]
[EventCountry "GGB"]
[SourceDate "2005.02.07"]

1. Nf3 c5 2. c4 Nc6 3. Nc3 e5 4. d3 d6 5. g3 g6 6. Bg2 Bg7 7. O-O Nge7 8. a3
O-O 9. Rb1 a5 10. Bd2 h6 11. Ne1 Be6 12. Nc2 d5 13. cxd5 Nxd5 14. Qc1 Kh7 15Nxd5 Bxd5 16. Bxd5 Qxd5 17. Ne3 Qd6 18. Nc4 Qe6 19. Re1 Nd4 20. b3 b6 21. Bc3
f5 22. Bxd4 cxd4 23. a4 f4 24. Nd2 Rac8 25. Qb2 Qh3 26. Nf3 fxg3 27. fxg3 e4
28. dxe4 d3 29. Qd2 Rxf3 30. exf3 Rc2 31. Qxc2 dxc2 32. Rbc1 Bd4+ 33. Kh1 Bf2
34. Re2 Bxg3 35. Kg1 Be5 0-1

[Event "Gibtelecom Masters 8th"]
[Site "Gibraltar"]
[Date "2010.01.26"]
[Round "1.15"]
[White "Felgaer, Ruben"]
[Black "Kozlov, Oleg"]
[Result "1/2-1/2"]
[WhiteElo "2573"]
[BlackElo "2279"]
[PlyCount "91"]
[EventDate "2010.01.26"]
[EventType "swiss"]
[EventRounds "10"]
[EventCountry "GGB"]
[SourceDate "2005.02.07"]

1. e4 c5 2. Nf3 e6 3. Nc3 a6 4. d4 cxd4 5. Nxd4 b5 6. Bd3 Qb6 7. Nf3 Qc7 8. O-Bb7 9. Re1 b4 10. Na4 Bc6 11. c4 Nf6 12. e5 Ng8 13. Be3 a5 14. Rc1 Bxa4 15Qxa4 Bc5 16. Be4 Ra6 17. Bxc5 Qxc5 18. Qb5 Qc7 19. Nd4 Ne7 20. Qa4 O-O 21. Nb5
Qc5 22. Nd6 f6 23. Qb5 Qa7 24. c5 Nec6 25. Qd3 f5 26. Bd5 Qc7 27. Bc4 Ra8 28f4 Ne7 29. Qe3 Na6 30. Be2 Nd5 31. Qd4 Qa7 32. Bf3 Nac7 33. g3 a4 34. Rc4 a3
35. b3 Rab8 36. Rec1 Nc3 37. Rc2 N7d5 38. h4 g6 39. Kh2 Qc7 40. Bg2 Kg7 41Bxd5 Nxd5 42. c6 Kg8 43. Rc5 dxc6 44. Rxc6 Qd7 45. Qc5 Kh8 46. Nc8 {Thremainder of the scoresheet is illegible} 1/2-1/2

[Event "Gibtelecom Masters 8th"]
[Site "Gibraltar"]
[Date "2010.01.26"]
[Round "1.16"]
[White "Royset, Paal"]
[Black "Halkias, Stelios"]
[Result "0-1"]
[WhiteElo "2279"]
[BlackElo "2566"]
[PlyCount "188"]
[EventDate "2010.01.26"]
[EventType "swiss"]
[EventRounds "10"]
[EventCountry "GGB"]
[SourceDate "2005.02.07"]

1. e4 c5 2. Nf3 Nc6 3. Bb5 d6 4. O-O Bd7 5. c4 Nf6 6. d3 g6 7. Nc3 Bg7 8. Rb1
a6 9. Ba4 O-O 10. a3 Bg4 11. h3 Bxf3 12. Qxf3 Nd4 13. Qd1 Rb8 14. Ne2 Nxe2+ 15Qxe2 Qa5 16. Bc2 Nd7 17. f4 e6 18. b4 Qc7 19. Bd2 Rfe8 20. Ba4 b5 21. Bb3 Qa7
22. Kh1 Rb7 23. Qg4 cxb4 24. axb4 Qd4 25. Qe2 Qb6 26. Qf3 Rc7 27. g4 Qb7 28Kh2 Kh8 29. g5 bxc4 30. dxc4 Nb6 31. Rfc1 Rec8 32. Qd3 Nd7 33. Re1 Nb6 34. Rbc1
Nd7 35. Qxd6 Nc5 36. bxc5 Qxb3 37. Be3 Qa4 38. Red1 Kg8 39. Qb6 Bf8 40. Rd6 Qa3
41. Re1 Qa2+ 42. Kg3 Qxc4 43. Qxa6 Qxe4 44. Bf2 Qa8 45. Qxa8 Rxa8 46. Bd4 Bxd6
47. cxd6 Rc6 48. Be5 Ra3+ 49. Kg4 Rd3 50. Rb1 Rcxd6 51. Bxd6 Rxd6 52. h4 Rd4
53. Rb5 Kg7 54. Kg3 Rd3+ 55. Kg2 h6 56. Rb7 Rd2+ 57. Kg3 Rd3+ 58. Kg2 hxg5 59hxg5 Kf8 60. Ra7 Ke8 61. Rb7 Rd7 62. Rb8+ Ke7 63. Kf3 Rd3+ 64. Ke4 Rc3 65. Rb7+
Ke8 66. Ra7 Rc5 67. Ra8+ Kd7 68. Ra7+ Rc7 69. Ra4 Ke7 70. Rb4 Rc1 71. Rb7+ Kf8
72. Rb8+ Kg7 73. Rb7 Rc5 74. Ra7 Rf5 75. Rb7 Kf8 76. Rb8+ Ke7 77. Rb7+ Kd6 78Ra7 e5 79. Ra6+ Ke7 80. Ra7+ Kf8 81. fxe5 Rxg5 82. Rb7 Rg1 83. Rb8+ Kg7 84. Rb7
Rf1 85. Ra7 Kh6 86. Ra6 Kh5 87. Ra2 g5 88. Ra8 Kh4 89. Rh8+ Kg3 90. Rf8 g4 91Kd5 Rf4 92. Kd6 Kf3 93. Rg8 g3 94. Rg5 g2 0-1

[Event "Gibtelecom Masters 8th"]
[Site "Gibraltar"]
[Date "2010.01.26"]
[Round "1.18"]
[White "Nikolaidis, Konstantinos"]
[Black "Lemos, Damian"]
[Result "1/2-1/2"]
[WhiteElo "2266"]
[BlackElo "2556"]
[PlyCount "123"]
[EventDate "2010.01.26"]
[EventType "swiss"]
[EventRounds "10"]
[EventCountry "GGB"]
[SourceDate "2005.02.07"]

1. d4 Nf6 2. Nf3 g6 3. Bg5 Bg7 4. Nbd2 O-O 5. e4 d6 6. c3 c5 7. d5 e6 8. dxe6
Bxe6 9. Bc4 Qd7 10. Bxe6 Qxe6 11. Qb3 Nbd7 12. O-O Rfe8 13. Rfe1 Rab8 14. h3 b5
15. Bf4 b4 16. Qxe6 Rxe6 17. Ng5 bxc3 18. bxc3 Ree8 19. Bxd6 Rb2 20. Ngf3 Nh5
21. e5 Nf4 22. Nb3 Nd3 23. Re3 c4 24. Na5 Bh6 25. Nxc4 Bxe3 26. Nxb2 Bxf2+ 27Kf1 Nxb2 28. Kxf2 Nd3+ 29. Kg3 N3xe5 30. Nxe5 Nxe5 31. Re1 f6 32. c4 Kf7 33. c5
Nc4 34. Rb1 Re3+ 35. Kh2 Nxd6 36. cxd6 Ke6 37. Rb7 Ra3 38. Rxh7 Kxd6 39. Rg7 g5
40. Rb7 Rxa2 41. Kg3 Ra4 42. Rf7 Ke5 43. Re7+ Kf5 44. Rc7 Ra3+ 45. Kh2 a6 46Rc6 Ke5 47. g4 a5 48. Rc5+ Kd4 49. Rf5 Kc4 50. Rxf6 Rd3 51. Ra6 Kb5 52. Ra8 Rd5
53. Rb8+ Kc4 54. Ra8 Kb4 55. Rb8+ Ka3 56. Rf8 Kb3 57. Rb8+ Kc4 58. Ra8 Kb5 59Rb8+ Kc6 60. Rc8+ Kb7 61. Rc3 Kb6 62. h4 1/2-1/2

[Event "Gibtelecom Masters 8th"]
[Site "Gibraltar"]
[Date "2010.01.26"]
[Round "1.19"]
[White "Malakhatko, Vadim"]
[Black "Stephan, Axel"]
[Result "1-0"]
[WhiteElo "2549"]
[BlackElo "2252"]
[PlyCount "61"]
[EventDate "2010.01.26"]
[EventType "swiss"]
[EventRounds "10"]
[EventCountry "GGB"]
[SourceDate "2005.02.07"]

1. d4 Nf6 2. c4 g6 3. Nc3 d5 4. Bg5 Ne4 5. Bh4 Nxc3 6. bxc3 dxc4 7. Qa4+ Qd7 8Qxc4 b6 9. Bg3 c5 10. Be5 f6 11. Bxb8 Rxb8 12. Nf3 cxd4 13. cxd4 Bb7 14. e3 Bd5
15. Qa6 b5 16. Rb1 b4 17. Nd2 Qb7 18. Qa4+ Bc6 19. Qb3 Bxg2 20. Bxg2 Qxg2 21Ke2 Qg4+ 22. f3 Qd7 23. Ne4 Rb6 24. Nc5 Qb5+ 25. Kf2 e5 26. Rhc1 exd4 27. exd4
Bxc5 28. dxc5 Rc6 29. Qd5 Kf8 30. Rc4 a5 31. Qd8+ 1-0

[Event "Gibtelecom Masters 8th"]
[Site "Gibraltar"]
[Date "2010.01.26"]
[Round "1.21"]
[White "Montero Melendez, Rafael"]
[Black "Bhat, Vinay S"]
[Result "0-1"]
[WhiteElo "2248"]
[BlackElo "2540"]
[PlyCount "56"]
[EventDate "2010.01.26"]
[EventType "swiss"]
[EventRounds "10"]
[EventCountry "GGB"]
[SourceDate "2005.02.07"]

1. d4 d5 2. c4 c6 3. Nc3 Nf6 4. cxd5 cxd5 5. Bf4 Qb6 6. Rc1 Bd7 7. e3 Qxb2 8Bd3 e6 9. Nge2 Qa3 10. Rb1 Bc6 11. O-O a6 12. Rb3 Qa5 13. a4 Qd8 14. Qb1 Bd6
15. Bxd6 Qxd6 16. e4 dxe4 17. Nxe4 Qd5 18. Nxf6+ gxf6 19. Nf4 Qxd4 20. Rb4 Qd6
21. Nh5 Nd7 22. Ng7+ Kf8 23. Nh5 Nc5 24. Bc2 Bxg2 25. Kxg2 Qd5+ 26. Be4 Qxh5
27. Kh1 Rg8 28. Rc1 Rd8 0-1

[Event "Gibtelecom Masters 8th"]
[Site "Gibraltar"]
[Date "2010.01.26"]
[Round "1.22"]
[White "Hartvig, Ove Weiss"]
[Black "Cramling, Pia"]
[Result "1/2-1/2"]
[WhiteElo "2245"]
[BlackElo "2528"]
[PlyCount "144"]
[EventDate "2010.01.26"]
[EventType "swiss"]
[EventRounds "10"]
[EventCountry "GGB"]
[SourceDate "2005.02.07"]

1. e4 c5 2. Nf3 e6 3. d4 cxd4 4. Nxd4 a6 5. Nc3 b5 6. Be3 Bb7 7. f3 Nc6 8. Qd2
Rc8 9. Nxc6 dxc6 10. O-O-O Qxd2+ 11. Rxd2 e5 12. g3 Ra8 13. Bb6 Be7 14. Bc7 f6
15. Bh3 Bc8 16. Bxc8 Rxc8 17. Bd6 Rd8 18. Rhd1 Nh6 19. Bxe7 Rxd2 20. Kxd2 Kxe7
21. Ke3 Nf7 22. a4 b4 23. Na2 Rb8 24. Nc1 Nd6 25. b3 Rc8 26. f4 Ke6 27. c4 bxc3
28. Rd3 f5 29. exf5+ Nxf5+ 30. Ke4 Nd6+ 31. Ke3 e4 32. Rxc3 Kd5 33. Ne2 Nf5+
34. Kd2 a5 35. g4 Nd6 36. Rh3 e3+ 37. Rxe3 Ne4+ 38. Kc2 Nf6 39. Nc3+ Kd6 40Ne4+ Nxe4 41. Rxe4 h5 42. h3 hxg4 43. hxg4 Rh8 44. f5 c5 45. Re6+ Kd5 46. Rg6
Rh7 47. Kc3 Rh3+ 48. Kb2 Rh2+ 49. Ka3 Rh7 50. g5 c4 51. bxc4+ Kxc4 52. Rc6+ Kd4
53. Rc7 Rh3+ 54. Kb2 Rf3 55. Rxg7 Rxf5 56. g6 Rg5 57. Rb7 Rg2+ 58. Ka3 Rxg6 59Rb5 Rg3+ 60. Rb3 Rg5 61. Rb5 Rxb5 62. axb5 Kc5 63. b6 Kxb6 64. Ka4 Ka6 65. Ka3
Kb5 66. Kb3 a4+ 67. Ka3 Ka5 68. Kb2 Kb4 69. Ka2 a3 70. Ka1 Kb3 71. Kb1 a2+ 72Ka1 Ka3 1/2-1/2

[Event "Gibtelecom Masters 8th"]
[Site "Gibraltar"]
[Date "2010.01.26"]
[Round "1.23"]
[White "Naumann, Alexander"]
[Black "Avalos Parra, Joao"]
[Result "1/2-1/2"]
[WhiteElo "2525"]
[BlackElo "2245"]
[PlyCount "156"]
[EventDate "2010.01.26"]
[EventType "swiss"]
[EventRounds "10"]
[EventCountry "GGB"]
[SourceDate "2005.02.07"]

1. c4 Nf6 2. Nf3 c6 3. d4 d5 4. e3 Bf5 5. Nc3 e6 6. Nh4 Be4 7. f3 Bg6 8. Qb3
Qc7 9. Bd2 Bd6 10. g3 Bh5 11. g4 Bg6 12. g5 dxc4 13. Bxc4 Nd5 14. Nxg6 hxg6 15Ne4 b5 16. Be2 Be7 17. f4 Nd7 18. Rc1 Qb7 19. h4 Rb8 20. Kf2 Qb6 21. a4 a6 22axb5 c5 23. dxc5 Nxc5 24. Qc2 Nxe4+ 25. Qxe4 axb5 26. Rc2 Rd8 27. b4 Bd6 28Kf3 Ne7 29. Be1 Nf5 30. Qc6+ Qxc6+ 31. Rxc6 O-O 32. Bf2 Bxb4 33. Rb1 Be7 34Rxb5 Rc8 35. Rxc8 Rxc8 36. Rb3 Bd6 37. Rd3 Bb8 38. Ra3 Bd6 39. Rd3 Bb8 40. e4
Ne7 41. Rd7 Rc3+ 42. Kg4 Nc6 43. Bb5 Bc7 44. Rxc7 Ne5+ 45. fxe5 Rxc7 46. Kf4
Rc3 47. Be2 Ra3 48. Be3 Ra2 49. Bf3 Ra3 50. h5 gxh5 51. Bxh5 g6 52. Be2 Rb3 53Kf3 Ra3 54. Kf2 Ra1 55. Bc5 Rc1 56. Bd6 Rc3 57. Ba6 Rb3 58. Ke2 Rg3 59. Be7 Rb3
60. Bd3 Kg7 61. Ke3 Rb7 62. Bd6 Kg8 63. Kd4 Kg7 64. Kc5 Rb3 65. Bb5 Rc3+ 66Kb6 Kg8 67. Bc6 Kg7 68. Kc7 Rg3 69. Be7 Rd3 70. Bd7 Rd4 71. Bc6 Rd1 72. Bc5 Rd2
73. Be8 Rd3 74. Bd6 Re3 75. Bc6 Rg3 76. Be7 Rd3 77. Kc8 Rd2 78. Kc7 Rd3 1/2-1/2

[Event "Gibtelecom Masters 8th"]
[Site "Gibraltar"]
[Date "2010.01.26"]
[Round "1.24"]
[White "Marchand, Francois"]
[Black "Speelman, Jonathan"]
[Result "1/2-1/2"]
[WhiteElo "2244"]
[BlackElo "2535"]
[PlyCount "70"]
[EventDate "2010.01.26"]
[EventType "swiss"]
[EventRounds "10"]
[EventCountry "GGB"]
[SourceDate "2005.02.07"]

1. d4 e6 2. c4 b6 3. a3 Bb7 4. Nc3 Nf6 5. d5 Bd6 6. g3 Be5 7. Bg2 Bxc3+ 8. bxc3
d6 9. Nf3 O-O 10. O-O Re8 11. Nh4 Qc8 12. Re1 Nbd7 13. e4 Nc5 14. e5 dxe5 15Rxe5 exd5 16. Rxe8+ Qxe8 17. cxd5 Nce4 18. c4 Nc3 19. Qc2 Ne2+ 20. Kf1 Nxc1 21Rxc1 Qf8 22. Qc3 Re8 23. Nf5 Bc8 24. Ne3 Nd7 25. Bh3 Nc5 26. Bxc8 Rxc8 27. Nf5
g6 28. Nd4 Re8 29. Re1 a6 30. Nc6 Rxe1+ 31. Qxe1 f6 32. Qe3 Kf7 33. Qf4 Qd6 34Qxd6 cxd6 35. Ke2 f5 1/2-1/2

[Event "Gibtelecom Masters 8th"]
[Site "Gibraltar"]
[Date "2010.01.26"]
[Round "1.25"]
[White "Kosteniuk, Alexandra"]
[Black "Duhayon, Yves"]
[Result "1-0"]
[WhiteElo "2523"]
[BlackElo "2241"]
[PlyCount "63"]
[EventDate "2010.01.26"]
[EventType "swiss"]
[EventRounds "10"]
[EventCountry "GGB"]
[SourceDate "2005.02.07"]

1. e4 e5 2. Nf3 Nc6 3. Bc4 Nf6 4. Ng5 d5 5. exd5 Na5 6. Bb5+ c6 7. dxc6 bxc6 8Qf3 Be7 9. Bd3 h6 10. Ne4 Nd5 11. c3 O-O 12. Ng3 f5 13. Bxf5 Nf4 14. Bc2 Ba6
15. Nf5 Rxf5 16. Bxf5 Nd3+ 17. Kd1 Qd6 18. b4 e4 19. Bxe4 Rf8 20. Bxd3 Rxf3 21Bxa6 Rxf2 22. bxa5 Qd5 23. Re1 Bd6 24. Kc2 Rxg2 25. Bd3 Rxh2 26. Re8+ Kf7 27Re4 Qxa5 28. Na3 Bxa3 29. Bxa3 g5 30. Rf1+ Kg8 31. Re8+ Kg7 32. Bf8+ 1-0